Fait ou idée reçue? #3 - Statistiques

Statistiques générales
  • Ce quiz a été pris 18 748 fois
  • Le résultat moyen est 9 sur 15
Statistiques - réponses
Question Réponse % Correct
Les éclairs ne frappent jamais deux fois au même endroit Idée reçue
83%
Le son ne se propage pas dans l'espace Fait
77%
Facebook est interdit en Chine Fait
76%
Les flamants roses sont roses à cause de leur alimentation Fait
76%
Manger des carottes améliore la vision nocturne Idée reçue
66%
Les moustiques sont attirés par la lumière Idée reçue
61%
La Russie et Pluton ont presque la même superficie Fait
58%
Les gants ne sont pas obligatoires pour un gardien de football Fait
57%
Les humains n'utilisent que 10% de leur cerveau Idée reçue
56%
Le ketchup était autrefois vendu comme médicament Fait
49%
L'Homme peut vivre sans estomac Fait
47%
La couleur "orange" doit son nom au fruit Fait
45%
Le roi Richard Cœur de Lion parlait anglais Idée reçue
44%
Les caméléons changent principalement de couleur pour se camoufler Idée reçue
41%
Dans la Genèse, le fruit défendu mangé par Adam et Ève était une pomme Idée reçue
32%
Aucun quiz correspondant
Distribution des résultats
% des personnes avec chaque résultat
Percentile par nombre de réponses
Votre historique - résultats
Vous n’avez pas pris ce quiz